[Event "Lorca op 13th"]
[Site "Lorca"]
[Date "2024.12.26"]
[Round "1"]
[White "Ramos Saavedra, Mario"]
[Black "Ilinca Ilinca, Felix Antonio"]
[Result "0-1"]
[WhiteElo "1983"]
[BlackElo "2450"]
[PlyCount "52"]
[EventDate "2024.12.26"]
[EventType "swiss"]
[EventRounds "9"]
[EventCountry "ESP"]
[SourceTitle "CB02_2025"]
[SourceDate "2025.01.08"]
[SourceVersion "1"]
[SourceVersionDate "2025.01.08"]
[SourceQuality "1"]

1. e4 c5 2. Nc3 Nc6 3. Bb5 Nd4 4. Nf3 a6 5. Bd3 Nc6 6. 0-0 d6 7. Re1 g6 8. Bf1 Bg7 9. Nd5 e6 10. Nf4 Nge7 11. c3 e5 12. Nd5 0-0 13. Nxe7+ Qxe7 14. d3 h6 15. a4 Be6 16. g3 b5 17. axb5 axb5 18. Rxa8 Rxa8 19. d4 exd4 20. cxd4 Bg4 21. dxc5 dxc5 22. Bxb5 Ne5 23. Be2 Rd8 24. Qb3 Bxf3 25. Bf1 Bg4 26. Bg2 Nd3 0-1